000 00643nam a2200205Ii 4500
003 JO-AjNU
008 230605s9999||||xx |||||||||||||| ||und||
017 _a1999/1967
040 _aJO-AjNU
_bara
_erda
_cJO-AjNU
041 _aara
050 1 4 _aBP179 1999
100 3 _aالشعراوي، محمد متولي,
_eauthor
_937114
245 0 0 _aأحكام الصيام
264 3 1 _aالقاهرة: مكتبة التراث الاسلامي، 1999
300 _a175ص
336 _atext
_btxt
_2rdacontent
337 _aunmediated
_bn
_2rdamedia
338 _avolume
_bnc
_2rdacarrier
650 4 _aالصيام- احكام الصيام
_937115
999 _aA15479
_c19047
_d19047